000 00360nam a22001337a 4500
008 230621b xxu||||| |||| 00| 0 eng d
082 _a328.30
_bIPC
100 _cInter Parliamentary Union
245 _aLXIXth Inter-Parliamentary Conference
_bSummary Record
_cVolume 2
260 _aGeneva
_bIPU
_c1982
300 _a382p
440 _vVolume 2
942 _2ddc
_cBK
999 _c2094
_d2094